A 2006. évi PISA-mérés eredményei az IKT eszközök használatáról

Elmentve itt :
Bibliográfiai részletek
Szerző: Dancsó Tünde
Testületi szerző: Pedagógiai Értékelési Konferencia (6.) (2008) (Szeged)
Dokumentumtípus: Könyv része
Megjelent: 2008
Sorozat:Pedagógiai Értékelési Konferencia 6
Kulcsszavak:Teljesítménymérés - tanulók - nemzetközi - éves - előadáskivonat, Tudásszintmérés - iskolai - nemzetközi - éves - előadáskivonat, Oktatás - számítógép alkalmazása - előadáskivonat, Pedagógia - digitális - előadáskivonat
Online Access:http://acta.bibl.u-szeged.hu/60478
LEADER 00905naa a2200181 i 4500
001 acta60478
005 20260224081030.0
008 190821s2008 hu o 100 hun d
040 |a SZTE Egyetemi Kiadványok Repozitórium  |b hun 
041 |a hun 
100 1 |a Dancsó Tünde 
245 1 2 |a A 2006. évi PISA-mérés eredményei az IKT eszközök használatáról  |h [elektronikus dokumentum] /  |c  Dancsó Tünde 
260 |c 2008 
300 |a 71 
490 0 |a Pedagógiai Értékelési Konferencia  |v 6 
695 |a Teljesítménymérés - tanulók - nemzetközi - éves - előadáskivonat, Tudásszintmérés - iskolai - nemzetközi - éves - előadáskivonat, Oktatás - számítógép alkalmazása - előadáskivonat, Pedagógia - digitális - előadáskivonat 
710 |a Pedagógiai Értékelési Konferencia (6.) (2008) (Szeged) 
856 4 0 |u http://acta.bibl.u-szeged.hu/60478/1/pek_2008_071.pdf  |z Dokumentum-elérés